|
|
|
|
| LEADER |
00000nab a2200000 a 4500 |
| 001 |
vtls000191511 |
| 003 |
SK-MaSNL |
| 005 |
20260304053836.0 |
| 008 |
250422c1984 xo 0 slo |
| 015 |
|
|
|a SNBRB19rr/mm-uuuuu
|
| 035 |
|
|
|a CL0201624
|
| 035 |
|
|
|a urn:nbn:sk:snk-ab7kzu
|
| 035 |
|
|
|a (urnnbn)urn:nbn:sk:snk:ar-006anh
|
| 035 |
|
|
|a (uuid)30c89bbd-06fb-4c38-885c-0c6f9eff1a9c
|
| 040 |
|
|
|a SNKBUCL
|b slo
|c SNKBUCL
|e AACR2
|
| 041 |
0 |
|
|a slo
|
| 044 |
|
|
|a xo
|c SK
|
| 080 |
|
|
|a 798.22.093.1:798.26.093.1
|2 1981
|
| 080 |
|
|
|a 798.26.093.1
|2 1981
|
| 100 |
1 |
|
|a ŠČ.
|4 aut
|9 853714
|
| 245 |
1 |
0 |
|a Majstrovstvá Bratislavy
|c ŠČ.
|
| 300 |
|
|
|b Obr. 2.
|
| 650 |
0 |
7 |
|a jazdectvo
|2 snkbucl
|9 3225
|
| 655 |
|
7 |
|a články z novín a časopisov
|2 snkbucl
|9 267496
|
| 773 |
0 |
|
|t Jazdectvo
|g Roč. 32, č. 7 (1984), s. 130
|
| 850 |
|
|
|a Slovenská národná knižnica
|
| 852 |
|
|
|a Slovenská národná knižnica
|
| 954 |
|
|
|a odborná, vedecká literatúra pôvodná (slovenská)
|2 lita
|
| 957 |
|
|
|a 5100
|
| 958 |
|
|
|a article7
|
| 958 |
|
|
|a OND
|
| 958 |
|
|
|a RK
|
| 958 |
|
|
|a EUIPO
|
| 992 |
|
|
|a RBX
|
| 999 |
|
|
|c 2715621
|d 2717551
|